Biografía y análisis de las obras de matemática pura de Pedro Sánchez Ciruelo / (Registro nro. 181228)
[ vista simple ]
| 000 -LEADER | |
|---|---|
| campo de control de longitud fija | 00970nam a2200217 i 4500 |
| 001 - NÚMERO DE CONTROL | |
| campo de control | 181228 |
| 003 - IDENTIFICADOR DE NÚMERO DE CONTROL | |
| campo de control | ES-MaACL |
| 005 - FECHA Y HORA DE LA ÚLTIMA TRANSACCIÓN | |
| campo de control | 20250812224327.0 |
| 008 - DATOS DE LONGITUD FIJA--INFORMACIÓN GENERAL | |
| campo de control de longitud fija | 121105s1921 sp |||| | spa d |
| 080 ## - NÚMERO DE LA CLASIFICACIÓN DECIMAL UNIVERSAL | |
| Número de la Clasificación Decimal Universal | 51 Ciruelo, Pedro |
| 100 1# - ENTRADA PRINCIPAL--NOMBRE DE PERSONA | |
| Nombre de persona | Lorente Pérez, José María. |
| 9 (RLIN) | 74121 |
| 245 10 - MENCIÓN DEL TÍTULO | |
| Título | Biografía y análisis de las obras de matemática pura de Pedro Sánchez Ciruelo / |
| Mención de responsabilidad, etc. | por José María Lorente y Pérez. |
| 260 ## - PUBLICACIÓN, DISTRIBUCIÓN, ETC. | |
| Lugar de publicación, distribución, etc. | Madrid : |
| Nombre del editor, distribuidor, etc. | Junta para Ampliación de Estudios e Investigaciones Científicas, |
| Fecha de publicación, distribución, etc. | 1921. |
| 300 ## - DESCRIPCIÓN FÍSICA | |
| Extensión | P. [263]-349 ; |
| Dimensiones | 23 cm. |
| 490 1# - MENCIÓN DE SERIE | |
| Mención de serie | Publicaciones del Laboratorio y Seminario Matemático ; |
| Designación de volumen o secuencia | t. 3. Memoria 5ª |
| 600 14 - PUNTO DE ACCESO ADICIONAL DE MATERIA--NOMBRE DE PERSONA | |
| Nombre de persona | Ciruelo, Pedro. |
| 9 (RLIN) | 151795 |
| 710 2# - ENTRADA AGREGADA--NOMBRE DE ENTIDAD CORPORATIVA | |
| Nombre de entidad corporativa o nombre de jurisdicción como elemento de entrada | Junta para la Ampliación de Estudios e Investigaciones Científicas. |
| 9 (RLIN) | 5413 |
| 830 00 - PUNTO DE ACCESO ADICIONAL DE SERIE-TÍTULO UNIFORME | |
| Título uniforme | Publicaciones del Laboratorio y Seminario Matemático |
| Designación de volumen o secuencia | t. 3. Memoria 5ª |
| 9 (RLIN) | 191411 |
| 852 ## - LOCALIZACIÓN | |
| Ubicación | ES-MaACL |
| Número de control de estantería | B-13178(5) |
| Nota libre | .- Enc. en vol. facticio |
| Estatus retirado | Estado de pérdida | Estado de daño | No para préstamo | Biblioteca de origen | Biblioteca actual | Ubicación en estantería | Fecha de adquisición | Fuente de adquisición | Total de préstamos | Signatura topográfica completa | Código de barras | Visto por última vez | Precio de reemplazo | Tipo de ítem Koha |
|---|---|---|---|---|---|---|---|---|---|---|---|---|---|---|
| Biblioteca del Ateneo de Madrid | Biblioteca del Ateneo de Madrid | Sala Pardo Bazán | 05/11/2012 | B-13178(5) | 1190446 | 23/02/2023 | 23/02/2023 | Libro impreso |
